Estadísticas para UEFA Euro 2016 (Español)

Haz click aquí para intentar la prueba.

Estadísticas generales

  • Esta prueba ha sido intentada 4.215 veces
  • La puntuación promedio es 20 de 24

Estadísticas de respuestas

GrupoEquipo% Correcto
DEspaña
99%
FPortugal
98%
AFrancia
97%
EItalia
96%
CAlemania
95%
BInglaterra
94%
ESuecia
93%
BRusia
90%
EBélgica
89%
DCroacia
89%
ASuiza
89%
EIrlanda
88%
CPolonia
88%
CUcrania
83%
FAustria
82%
FIslandia
81%
FHungría
80%
DRepública Checa
78%
BEslovaquia
77%
ARumania
77%
BGales
75%
DTurquía
68%
AAlbania
65%
CIrlanda del Norte
45%

Distribución de puntuación

Porcentaje por número respondido

Porcentaje de gente con cada puntuación

Historial de tus puntuaciones

No has intentado esta prueba.